000
00342 a2200157 4500
001
167194
020
_a
85-10-02486-3
040
_c
Magnum
100
_a
Magatão, Maria Goreth da Silva
240
1
0
_a
Cana caiana!
_l
por
245
1
0
_a
Cana caiana!
300
_a
32
362
0
_a
1999
697
_a
LITERATURA INFANTO-JUVENIL
942
_c
BK
999
_c
167194
_d
167194